New Zealand Rugby All Blacks - World Record Winning Streak - Statistics

General Stats
  • This quiz has been taken 71 times
  • The average score is 32 of 50
Answer Stats
Appearances During Streak Player % Correct
14 Aaron Smith
98%
18 Ben Smith
98%
16 Beauden Barrett
96%
18 Kieran Read
96%
7 Richie McCaw
95%
7 Conrad Smith
93%
7 Dan Carter
93%
15 Julian Savea
93%
17 Sam Whitelock
93%
9 Ardie Savea
91%
16 Jerome Kaino
89%
16 Owen Franks
88%
4 Ben Franks
86%
17 Brodie Retallick
86%
17 Dane Coles
86%
7 Ma'a Nonu
84%
14 Sam Cane
80%
6 Aaron Cruden
79%
7 Sonny-Bill Williams
79%
12 T.J Perenara
79%
7 Keven Mealamu
75%
9 Israel Dagg
73%
9 Tawera Kerr-Barlow
70%
12 Joe Moody
66%
7 Waisake Naholo
64%
8 Codie Taylor
63%
10 Malakai Fekitoa
61%
9 Ryan Crotty
61%
4 Tony Woodcock
61%
16 Wyatt Crockett
61%
6 Luke Romano
59%
15 Charlie Faumuina
57%
7 Nehe Milner-Skudder
57%
3 Matt Todd
48%
6 Victor Vito
48%
1 Liam Messam
46%
6 Anton Lienert-Brown
45%
1 Damien McKenzie
43%
6 Liam Squire
43%
4 Lima Sopoaga
43%
3 Patrick Tuipulotu
41%
2 Colin Slade
38%
2 Nathan Harris
38%
2 Elliot Dixon
30%
1 Nepo Laulala
29%
2 George Moala
27%
2 Ofa Tu'ungafasi
21%
1 James Parsons
20%
1 Kane Hames
18%
3 Seta Tamanivalu
13%
No matching quizzes found
Score Distribution
Percent of People with Each Score
Percentile by Number Answered
Your Score History
You have not taken this quiz